Baby Names: Top US (1880) Quiz Stats

 Plays Quiz Updated Oct 23, 2018

Score 0/60 Timer 07:00
6 Plays Today
Heading Name % Correct
MaleJohn
88.4%
FemaleMary
75.2%
MaleJames
71.8%
FemaleElizabeth
65.2%
MaleGeorge
63.5%
MaleWilliam
62.9%
MaleThomas
57.3%
MaleRobert
55.8%
MaleWill
53.6%
MaleDavid
48.3%
FemaleSarah
47.3%
MaleJoseph
47.2%
MaleHenry
44.6%
FemaleAnna
43.5%
MaleCharles
43.2%
MaleRichard
41.6%
MaleFrank
41.2%
MaleEdward
39.9%
FemaleMargaret
39.3%
MaleAndrew
38.8%
MaleDaniel
37%
MaleHarry
33.2%
MaleSamuel
31.9%
FemaleEmma
31.8%
FemaleLaura
29.7%
FemaleRose
29.3%
MaleFred
29.2%
FemaleMartha
27.2%
MaleLouis
26.6%
MaleJoe
23.4%
Heading Name % Correct
FemaleAlice
21.3%
FemaleGrace
21.1%
MaleAlbert
20.8%
FemaleAnnie
19.2%
FemaleJulia
19.1%
MaleArthur
18.4%
MaleWalter
16.8%
FemaleGertrude
15.9%
FemaleBertha
15%
FemaleEdith
13.3%
FemaleElla
12.6%
MaleCharlie
12.2%
FemaleClara
11.7%
FemaleFlorence
11.6%
FemaleCarrie
10.4%
MaleJesse
9.4%
MaleLewis
9.4%
FemaleIda
9.4%
FemaleMabel
8.6%
MaleOscar
8.3%
FemaleNellie
8%
FemaleCora
7.6%
FemaleMinnie
7.4%
FemaleBessie
7.4%
MaleClarence
7.2%
MaleErnest
7.1%
FemaleMaude
6.9%
FemaleJennie
6.4%
FemaleHattie
6%
FemaleMattie
4.5%

You're not logged in!

Compare scores with friends on all Sporcle quizzes.
OR
Log In

Show Comments

Extras

Top Quizzes Today


Score Distribution

Your Account Isn't Verified!

In order to create a playlist on Sporcle, you need to verify the email address you used during registration. Go to your Sporcle Settings to finish the process.

Report this User

Report this user for behavior that violates our Community Guidelines.

Details: